Serbian league teams 2014/2015 - Statistics

General Stats
  • This quiz has been taken 382 times
  • The average score is 10 of 16
Answer Stats
Hint Answer % Correct
Crvena Zvezda
98%
Partizan
98%
Rad
87%
Vojvodina
87%
Cukaricki
84%
Radnicki Nis
74%
Vozdovac
60%
Spartak Subotica
58%
OFK Beograd
55%
Novi Pazar
53%
Jagodina
52%
Napredak
52%
Radnicki Kragujevac
52%
Mladost Lucani
50%
Borac Cacak
31%
Donji Srem
28%
No matching quizzes found
Score Distribution
Percent of People with Each Score
Percentile by Number Answered
Your Score History
You have not taken this quiz